000 01544nab a22002537a 4500
999 _c5580
_d5580
003 OSt
005 20251219100414.0
008 190429b xxu||||| |||| 00| 0 spa d
040 _cPJ
100 _96102
_aMartínez, Agustina Lara
245 1 3 _aLa facilitación y promoción de la prostitución ajena :
_b¿y el consentimiento? Consideraciones, implicancias y límites respecto de la disponibilidad de la libertad sexual /
_cAgustina Lara Martínez.
260 _cCiudad Autónoma de Buenos Aires :
_aThomson Reuters La Ley,
_b2025.
300 _ap. 21-36
500 _aCita: TR LALEY AR/DOC/1068/2025.
505 _aSumario: I. Introducción.— II. Planteamiento del problema y estado del arte.— III. Principales posiciones: sucinta sistematización del estado del arte.— IV. Sobre la (ir)relevancia de la distinción entre acuerdo y consentimiento: consideraciones dogmáticas.— V. Requisitos para un consentimiento eficaz: algunos criterios para su determinación.— VI. La libertad sexual como bien jurídico disponible.— VII. Conclusiones (preliminares).
505 _tSi te interesa el texto completo, solicitalo a koha@justierradelfuego.gov.ar
650 0 _9343
_aDERECHO PENAL
650 0 _92906
_aPROSTITUCIÓN
650 0 _95585
_aCONSENTIMIENTO
650 0 _96554
_aDERECHOS SEXUALES
650 0 _93474
_aAUTONOMÍA DE LA VOLUNTAD
773 0 _02658
_93164
_tRevista de derecho penal y criminología. Nº 5 - Junio 2025
_dCiudad Autónoma de Buenos Aires : Thomson Reuters La Ley, 2017-
_x00347914
942 _2udc
_cANA